Central Library OPAC University of Rajshahi

Recent advances in theistic philosophy of religion / (Record no. 31683)

MARC details
000 -LEADER
fixed length control field 00700nam a22002411 4500
001 - CONTROL NUMBER
control field 31683
003 - CONTROL NUMBER IDENTIFIER
rucl marc code BD-RjUL
005 - DATE AND TIME OF LATEST TRANSACTION
control field 20211209051732.0
008 - FIXED-LENGTH DATA ELEMENTS--GENERAL INFORMATION
fixed length control field 140421s1897 stk 000 0 eng
035 ## - SYSTEM CONTROL NUMBER
System control number (BD-RjUL)31771
040 ## - CATALOGING SOURCE
Original cataloging agency DLC
Transcribing agency DLC
Modifying agency DLC
-- BD-RjUL
Language of cataloging eng
041 ## - LANGUAGE CODE
Language code of text/sound track or separate title eng
082 04 - DEWEY DECIMAL CLASSIFICATION NUMBER
Classification number 211
Author mark and year LIR 1897
100 1# - MAIN ENTRY--PERSONAL NAME
Personal name Lindsay, James,
Dates associated with a name 1852-1923.
9 (RLIN) 96420
245 00 - TITLE STATEMENT
Title Recent advances in theistic philosophy of religion /
Statement of responsibility, etc. by James Lindsay.
260 ## - PUBLICATION, DISTRIBUTION, ETC. (IMPRINT)
Place of publication, distribution, etc. Edinburgh ;
-- London :
Name of publisher, distributor, etc. W. Blackwood and sons,
Date of publication, distribution, etc. 1897.
300 ## - PHYSICAL DESCRIPTION
Pagination lvi, 547 p. ;
Size 23 cm.
650 #0 - SUBJECT ADDED ENTRY--TOPICAL TERM
Topical term or geographic name as entry element Religion
General subdivision Philosophy.
9 (RLIN) 4031
Topical term or geographic name as entry element Theism.
9 (RLIN) 96421
942 ## - ADDED ENTRY ELEMENTS (KOHA)
Source of classification or shelving scheme Dewey Decimal Classification
Koha item type Books
Holdings
Lost status Source of classification or shelving scheme Damaged status Not for loan Permanent Location Current Location Shelving location Date acquired Source of acquisition Cost, normal purchase price Total Checkouts Full call number Date last seen Copy number Koha item type
  Dewey Decimal Classification   Not For Loan Central Library, University of Rajshahi Central Library, University of Rajshahi Reading Room 07/11/1956 Black Well 12.60   211 LIR 1897 21/04/2014 C-1 Books